Технический проект по теме: "Разработка пакетов прикладных программ обработки экономической информации на базе применения ПВК М-5000 Д в сфере госстатистики (ППП - госстатистика)" (Запись № 6971631)

Подробности
000 -МАРКЕР
контрольное поле 01922nam1a22002651i 4500
001 - ИДЕНТИФИКАТОР ЗАПИСИ
контрольное поле rc\3333219
005 - ИДЕНТИФИКАТОР ВЕРСИИ
контрольное поле 20240724001215.0
010 ## - МЕЖДУНАРОДНЫЙ СТАНДАРТНЫЙ НОМЕР КНИГИ (ISBN)
Тираж 58
035 ## - ДРУГИЕ СИСТЕМНЫЕ НОМЕРА
Идентификатор записи (NLR Aleph) 007426572
100 ## - ДАННЫЕ ОБЩЕЙ ОБРАБОТКИ
Данные общей обработки 20130115d1974 |||y0rusy50 ca
101 0# - ЯЗЫК РЕСУРСА
Язык текста, звукозаписи и т.д. русский
102 ## - СТРАНА ПУБЛИКАЦИИ ИЛИ ПРОИЗВОДСТВА
Страна публикации Российская Федерация
105 ## - ПОЛЕ КОДИРОВАННЫХ ДАННЫХ: ТЕКСТОВЫЕ МАТЕРИАЛЫ, МОНОГРАФИЧЕСКИЕ
Кодированные данные о монографическом текстовом документе z |||||
200 1# - ЗАГЛАВИЕ И СВЕДЕНИЯ ОБ ОТВЕТСТВЕННОСТИ
Основное заглавие Технический проект по теме: "Разработка пакетов прикладных программ обработки экономической информации на базе применения ПВК М-5000 Д в сфере госстатистики (ППП - госстатистика)"
Сведения, относящиеся к заглавию Учет материальных ценностей
-- Задание на программирование
-- Т. 1-
Первые сведения об ответственности ЦСУ СССР. Всесоюз. гос. проектно-технол. ин-т по механизации учета и вычислит. работ
210 ## - ПУБЛИКАЦИЯ, РАСПРОСТРАНЕНИЕ И ДР.
Место издания, распространения и т.д. Москва
Имя издателя, распространителя и т. д. Б. и.
Дата издания, распространения и т.д. [1974]
215 ## - ФИЗИЧЕСКАЯ ХАРАКТЕРИСТИКА
Размеры 29
300 ## - ОБЩИЕ ПРИМЕЧАНИЯ
Текст примечания На обл. загл.: Разработка пакетов прикладных программ обработки экономической информации...
333 ## - ПРИМЕЧАНИЯ ОБ ОСОБЕННОСТЯХ РАСПРОСТРАНЕНИЯ И ИСПОЛЬЗОВАНИЯ
Текст примечания ДСП
512 0# - ЗАГЛАВИЕ ОБЛОЖКИ
Заглавие обложки Разработка пакетов прикладных программ обработки экономической информации на базе применения ПВК М-5000 Д в сфере госстатистики (ППП - госстатистика)
532 13 - РАСШИРЕННОЕ ЗАГЛАВИЕ
Заглавие Технический проект по теме Разработка пакетов прикладных программ обработки экономической информации на базе применения ПВК М-5000 Д в сфере госстатистики (ППП - госстатистика)
801 #0 - ИСТОЧНИК ЗАПИСИ
Страна Российская Федерация
Организация NLR
Правила каталогизации psbo
801 #1 - ИСТОЧНИК ЗАПИСИ
Страна Российская Федерация
Организация ELAR
Источник данных rusmarc
852 ## - МЕСТОНАХОЖДЕНИЕ И ШИФР ХРАНЕНИЯ
Идентификатор организации NLR
Шифр хранения (Call Number) 74-50к/5749
942 ## - ДОПОЛНИТЕЛЬНЫЕ ЭЛЕМЕНТЫ ЗАПИСИ (АБИС)
Тип экземпляра АБИС Книга

Нет доступных экземпляров.